Társasházlakók klubja alakul
Elmentve itt :
| Dokumentumtípus: | Cikk |
|---|---|
| Megjelent: |
1982-11-03
|
| Sorozat: | Délmagyarország
72 No. 258 |
| Kulcsszavak: | klubok |
| Online Access: | http://dmarchiv.bibl.u-szeged.hu/115489 |
| LEADER | 00394nab a2200145 i 4500 | ||
|---|---|---|---|
| 001 | delm115489 | ||
| 005 | 20190620130412.0 | ||
| 008 | 190620s1982 hu o 0|| hun d | ||
| 040 | |a SZTE Délmagyarország Archívum |b hun | ||
| 041 | |a hun | ||
| 245 | 0 | 0 | |a Társasházlakók klubja alakul |h [elektronikus dokumentum] |
| 260 | |c 1982-11-03 | ||
| 300 | |a 5 | ||
| 490 | 0 | |a Délmagyarország |v 72 No. 258 | |
| 695 | |a klubok | ||